<?xml version="1.0" encoding="UTF-8"?>
<record
    xmlns:xsi="http://www.w3.org/2001/XMLSchema-instance"
    xsi:schemaLocation="http://www.loc.gov/MARC21/slim http://www.loc.gov/standards/marcxml/schema/MARC21slim.xsd"
    xmlns="http://www.loc.gov/MARC21/slim">

  <leader>00888nam a22002537a 4500</leader>
  <controlfield tag="005">20170123162316.0</controlfield>
  <datafield tag="010" ind1=" " ind2=" ">
    <subfield code="a">A-482239</subfield>
  </datafield>
  <datafield tag="020" ind1=" " ind2=" ">
    <subfield code="c">60.00</subfield>
  </datafield>
  <datafield tag="035" ind1=" " ind2=" ">
    <subfield code="a">A-482239</subfield>
  </datafield>
  <datafield tag="037" ind1=" " ind2=" ">
    <subfield code="b">Cen Lib/Ret</subfield>
  </datafield>
  <datafield tag="040" ind1=" " ind2=" ">
    <subfield code="a">DPL</subfield>
    <subfield code="b">UR</subfield>
  </datafield>
  <datafield tag="082" ind1=" " ind2=" ">
    <subfield code="a">840.4</subfield>
    <subfield code="b">&#x631; &#x641; &#x639; </subfield>
  </datafield>
  <datafield tag="100" ind1=" " ind2=" ">
    <subfield code="a">&#x631;&#x641;&#x639;&#x62A; &#x627;&#x62E;&#x62A;&#x631; </subfield>
    <subfield code="9">114354</subfield>
  </datafield>
  <datafield tag="245" ind1=" " ind2=" ">
    <subfield code="a">&#x646;&#x6D2; &#x632;&#x627;&#x648;&#x6CC;&#x6D2;  :</subfield>
    <subfield code="c">&#x631;&#x641;&#x639;&#x62A; &#x627;&#x62E;&#x62A;&#x631; </subfield>
    <subfield code="b">&#x62A;&#x646;&#x642;&#x6CC;&#x62F;&#x6CC; &#x645;&#x636;&#x627;&#x645;&#x6CC;&#x646;  /</subfield>
  </datafield>
  <datafield tag="246" ind1=" " ind2=" ">
    <subfield code="a">Naye zawiye : tanqeedi mazamen /</subfield>
    <subfield code="b">by Rafat Akhatar </subfield>
  </datafield>
  <datafield tag="260" ind1=" " ind2=" ">
    <subfield code="a">&#x646;&#x6CC;&#x6CC; &#x62F;&#x6C1;&#x644;&#x6CC; </subfield>
    <subfield code="b">&#x627;&#x646;&#x62C;&#x645;&#x646; &#x62A;&#x631;&#x627;&#x642;&#x642;&#x6CC; &#x627;&#x631;&#x62F;&#x648;  </subfield>
    <subfield code="c">1971</subfield>
  </datafield>
  <datafield tag="270" ind1=" " ind2=" ">
    <subfield code="b">&#x627;&#x631;&#x62F;&#x648; &#x6AF;&#x6BE;&#x631; &#x631;&#x648;&#x6CC;&#x633; &#x627;&#x646;&#x6CC;&#x648; </subfield>
    <subfield code="a">&#x645;&#x648;&#x62D;&#x645;&#x62F; &#x627;&#x644;&#x6CC; &#x631;&#x648;&#x688; </subfield>
    <subfield code="e">110002</subfield>
  </datafield>
  <datafield tag="300" ind1=" " ind2=" ">
    <subfield code="a">152p.</subfield>
    <subfield code="c">21cm(Hb)</subfield>
  </datafield>
  <datafield tag="650" ind1=" " ind2=" ">
    <subfield code="a">&#x627;&#x631;&#x62F;&#x648; &#x627;&#x62F;&#x628; </subfield>
    <subfield code="9">114355</subfield>
  </datafield>
  <datafield tag="650" ind1=" " ind2=" ">
    <subfield code="a">&#x627;&#x631;&#x62F;&#x648; &#x62A;&#x646;&#x642;&#x6CC;&#x62F;&#x6CC; &#x645;&#x636;&#x627;&#x645;&#x6CC;&#x646;    </subfield>
    <subfield code="9">114356</subfield>
  </datafield>
  <datafield tag="650" ind1=" " ind2=" ">
    <subfield code="a">Urdu literature </subfield>
    <subfield code="9">114357</subfield>
  </datafield>
  <datafield tag="650" ind1=" " ind2=" ">
    <subfield code="a">Urdu critical articles </subfield>
    <subfield code="9">114358</subfield>
  </datafield>
  <datafield tag="942" ind1=" " ind2=" ">
    <subfield code="2">ddc</subfield>
    <subfield code="c">UR</subfield>
    <subfield code="h">840.4</subfield>
    <subfield code="m">&#x631; &#x641; &#x639; </subfield>
  </datafield>
  <datafield tag="999" ind1=" " ind2=" ">
    <subfield code="c">106701</subfield>
    <subfield code="d">106701</subfield>
  </datafield>
  <datafield tag="952" ind1=" " ind2=" ">
    <subfield code="0">0</subfield>
    <subfield code="1">0</subfield>
    <subfield code="4">0</subfield>
    <subfield code="7">0</subfield>
    <subfield code="a">L</subfield>
    <subfield code="b">L</subfield>
    <subfield code="d">2015-12-28</subfield>
    <subfield code="e">Cen Lib/Ret</subfield>
    <subfield code="g">60.00</subfield>
    <subfield code="l">0</subfield>
    <subfield code="o">840.4 &#x631; &#x641; &#x639;</subfield>
    <subfield code="p">A-482239</subfield>
    <subfield code="r">2015-12-28 00:00:00</subfield>
    <subfield code="t">1</subfield>
    <subfield code="v">60.00</subfield>
    <subfield code="w">2015-12-28</subfield>
    <subfield code="y">UR</subfield>
  </datafield>
  <datafield tag="952" ind1=" " ind2=" ">
    <subfield code="0">0</subfield>
    <subfield code="1">0</subfield>
    <subfield code="4">0</subfield>
    <subfield code="7">0</subfield>
    <subfield code="a">L</subfield>
    <subfield code="b">L</subfield>
    <subfield code="d">2016-02-12</subfield>
    <subfield code="e">1</subfield>
    <subfield code="g">18.00</subfield>
    <subfield code="l">0</subfield>
    <subfield code="o">840.4 &#x631; &#x641; &#x639;</subfield>
    <subfield code="p">A-281689</subfield>
    <subfield code="r">2016-02-12 00:00:00</subfield>
    <subfield code="t">1</subfield>
    <subfield code="v">18.00</subfield>
    <subfield code="w">2016-09-15</subfield>
    <subfield code="y">UR</subfield>
  </datafield>
</record>
